History Quiz

Random History or Art Quiz

Famous Architects Quiz Stats

 Plays Quiz Updated Feb 26, 2020

     
Support Sporcle.
Go Orange.
Score 0/30 Timer 10:00
2 Plays Today
Famous Work Architect % Correct
Fallingwater, Mill Run, PA (USA)Frank Lloyd Wright
75.1%
Louvre Pyramid, Paris (France)Ieoh Ming Pei
53.3%
Eiffel Tower, Paris (France)Gustave Eiffel
48.3%
St. Paul's Cathedral, London (England)Christopher Wren
46.5%
Guggenheim Museum Bilbao (Spain)Frank Gehry
42.8%
Sagrada Família, Barcelona (Spain)Antoni Gaudí
41.7%
Villa Savoye, Poissy (France)Le Corbusier
30.6%
Musei Capitolini, Rome (Italy)Michelangelo
25.8%
Farnsworth House, Plano, IL (USA)Ludwig Mies van der Rohe
23.8%
Founder of Bauhaus, Dessau (Germany)Walter Gropius
22.4%
Central Park, New York City (USA)Frederick Law Olmsted
19.9%
Vietnam Veterans Memorial, Washington DC (USA)Maya Lin
19.5%
The Gateway Arch (Gateway to the West) St. Louis, MO (USA)Eero Saarinen
18.7%
Villa Capra (the Rotunda), Vicenza (Italy)Andrea Palladio
16.2%
Colonnade of St Peter's, Vatican CityGiovanni Lorenzo Bernini
16%
Famous Work Architect % Correct
Author of 'The Ten Books on Architecture' (De architectura)Marcus Vitruvius Pollio
13.9%
Pyramid of Djoser (Step Pyramid), Saqqara (Egypt)Imhotep
13.9%
Banqueting House at Whitehall, London (England)Inigo Jones
13.4%
Sydney Opera House (Australia)Jorn Utzon
13.2%
Finlandia Hall, Helsinki (Finland)Alvar Aalto
12.1%
Casa da Música, Porto (Portugal)Rem Koolhaas
8.5%
Parthenon, Athens (Greece)Iktinos, Kallikrates and Phidias
7.3%
Hearst Castle, San Simeon (USA)Julia Morgan
6.9%
World Trade Center (twin towers), New York City (USA)Minoru Yamasaki
6.6%
Chrysler Building, NYC (USA)William Van Alen
6.4%
Gardens of Palace of Versailles, Versailles (France)André Le Nôtre
6.2%
Suleiman Mosque, Istanbul (Turkey)Sinān
5.7%
Bank of England, London (England)John Soane
5.6%
Restoration of Notre Dame, Paris (France)Viollet-le-Duc
4.5%
Hagia Sophia, Istanbul (Turkey)Isidore of Miletus and Anthemius of Tralles
3.2%

From the Vault

United States of Landmarks

by metakoopa99

History 5m
Coast to coast, America has quite a few places worth visiting.
Remove Ads.
Support Sporcle.
Get the best of Sporcle when you Go Orange. This ad-free experience offers more features, more stats, and more fun while also helping to support Sporcle. Thank you for becoming a member.

Show Comments

Extras

Top Quizzes Today


Score Distribution

Your Account Isn't Verified!

In order to create a playlist on Sporcle, you need to verify the email address you used during registration. Go to your Sporcle Settings to finish the process.

Report this User

Report this user for behavior that violates our Community Guidelines.

Details: